MDQL
is popping MORE tags! Check the
thread
!
Quizzes
Events
Quiz Creation
Community
Videos
Private Events
Remove Ads
Sign In
Join for FREE
Feedback
Dark Mode
Quiz Categories
Sports
Geography
Music
Movies
Television
Just For Fun
Miscellaneous
History
Literature
Language
Science
Gaming
Entertainment
Religion
Holiday
For Kids
Quiz Lab
Recent
Popular Today
Quiz Kudos Today
Editor Picks
Curator Picks
Quizzes by...
Day
Popularity
Type
Ratings
Length
Year
Community
Subscriptions
Recent Discussions
Orange Saloon
Badges
Playlists
Quests
Create
Leaderboards
Showdown
Live 5
Trivia Bingo
Activity
Puzzle Library
Sporcle Events
Private Events
Virtual Trivia
Globe League
Become a Host
Pub Owners
SporcleCon
Opinionation
Our Games
Videos
Blog
Mobile Apps
Partnerships
Remove Ads and Go Orange
Feedback
Science
Computer
Plants
Astronomy
Chemistry
Elements
Math
Animal
Physics
Anatomy
Biology
Geology
General Science
Science
Computer
Plants
Astronomy
Chemistry
Elements
Math
Animal
Physics
Anatomy
Biology
Geology
General Science
Random Quiz
Search Sporcle
×
Quiz Lab
Quiz Lab
Science
Word Ladder
Type in answers that appear in a list
Type in answers that appear in a list
Classic
Best Score? Go Orange.
Word Ladder: Computers V Stats
Can you name the 4-letter words that make up the rungs of this computer-themed word ladder?
By
Dalek_Harkness
8m
15 Questions
125 Plays
125 Plays
125 Plays
Comments
Comments
Give Quiz Kudos
Give Quiz Kudos
-
- Ratings
hide this ad
Replay
Link that replays current quiz
Next Quiz
Link to next quiz in quiz playlist
You Got
0%
They Got
Avg Score
52%
Avg Friend Score
Upgrade to see
Score Distribution
Jump to the score distribution portion of the page
Score
0/15
Timer
08:00
0
Plays Today
Hint
4-letter word
% Correct
Midday
NOON
90.2%
Fish limbs
FINS
85.4%
Noble gas producing a brilliant reddish-
orange light when energised
NEON
81.3%
💻Android e-
reader developed by Barnes & Noble💻
💻NOOK💻
69.9%
Set of thin sheets, often containing information of some kind, fastened together along one edge
BOOK
65.9%
Informer
FINK
55.3%
Danger
RISK
53.7%
Large flat slab of ice
RINK
50.4%
Hint
4-letter word
% Correct
💻Fiber-
to-
the-
home service by Verizon💻
💻FIOS💻
50.4%
💻The part of a computer that starts the computer booting💻
💻BIOS💻
46.3%
💻Type of processor with a small set of generalised instructions, such as the ARM, PowerPC, and SPARC families💻
💻RISC💻
31.7%
2008 Ingrid Michaelson album
BE OK
27.6%
💻Intel x86-
64 server CPU💻
💻XEON💻
27.6%
💻Type of processor with a large set of specialised instructions, such as the x86 and 68k families💻
💻CISC💻
25.2%
💻Operating system released in 1995 and originally designed for the AT&T Hobbit architecture💻
💻BeOS💻
23.6%
Quiz Playlist
Details
Report
Send in Message
Add To Playlist
Classic:
Type in answers that appear in a list
Last Updated: Jul 9, 2017
Quiz Scoreboard
CHALLENGE
Sign Up to Join the Scoreboard
Show All
Scores
Hide
Comments
May contain spoilers
Recently Published
Image Sorting: Flags VI
by Barbecue
Geography
2m
Find the 'City' Movie
by crazypaving
Movies
60s
Colored Red Africa Blitz
by spor1
Geography
45s
More to Explore
Quiz From the Vault
Featured Blog Post
14 Easter Pick-up Lines to Find Eggs With
hide this ad
You Might Also Like...
Tags
Computer Quiz
Word Ladder Quiz
Computer Parts
Computer Science
Computer Terms
Today's Top Quizzes in Science
Browse Science
hide this ad
Today's Top Quizzes in Word Ladder
Browse Word Ladder
Top Contributed Quizzes in Science
1
Windmill: Elements
2
200 Vogels in Nederland
3
Square Numbers Scrambled (1-50)
4
Count to 60
5
Elements In Images
6
Glycolysis
7
17 TIMES TABLE
8
4-letter Elementary Words III
9
perfect squares 1-25
10
Quick Pick: 'CI-CJ' Animals
Explore More
Trending Topics
Disney
Harry Potter
Marvel
Crossword
NBA
Anime
Kpop
Soccer
Country
Song
Puzzle
Pokémon
The Office
WWE
NFL
hide this ad
More By:
Dalek_Harkness
Quiz
Plays
Rating
Category
Featured
Created
States that Border Alaska
21,039
3.68
Geography
Nov 21, 2016
Word Hourglass: 1989 Single
8,645
4.42
Just For Fun
Mar 13, 2018
Word Ladder: Spacebound
4,914
4.27
Just For Fun
Apr 3, 2017
Operating Systems by Desktop
2,184
3.96
Science
Feb 27, 2017
Album Map: Red
1,866
4.71
Music
Aug 6, 2017
Go to Creator's Profile
Score Distribution
Quiz Creator Spotlight
Dalek_Harkness
Follow
Send a Message
Quizzes Created
-
Created Quiz Play Count
-
More By This Creator
Popular Quizzes Today
1
Colored Red Africa Blitz
2
Find the US States - No Outlines Minefield
3
Find the 'City' Movie
4
5x2 Blitz: Bands
5
The Countries of the World
6
Find the US States
7
Find the Countries of Europe - No Outlines Minefield
8
US States
More Science Quizzes
Periodic Table: Common 2-letter Combinations (IN)
Quiz Lab
Trending Quizzes
Colored Red Europe Blitz I
Colored Red Europe Blitz II
Colored Red Africa Blitz II
Colored Red Europe Blitz III
Colored Red Africa Blitz III
Recently Updated
How Do You Spell That?
pecheneg
Godzilla Movies
pecheneg
Grab Bag: 4-10 Letters
pecheneg
2024 March Madness Bracket
pecheneg
Famous TV Couples
Peacemaker
Champions League XIs: Real Madrid
pecheneg
Largest US Cities 1790-2010
pecheneg
Rides in Walt Disney World
pecheneg
Most Oscar Losses (Acting)
pecheneg
Beyoncé Albums
pecheneg
Trending Topics
Marvel
Crossword
NBA
Anime
Harry Potter
Kpop
Disney
WWE
Country
The Office
NFL
Puzzle
Song
Pokémon
Soccer
Your Account Isn't Verified!
In order to create a playlist on Sporcle, you need to verify the email address you used during registration. Go to your
Sporcle Settings
to finish the process.
Report this User
Report this user for behavior that violates our
Community Guidelines
.
Details:
Send Report
Go to the Sporcle.com Mobile Site →
Comments